01188nam a2200277 i 4500001001000000003000900010005001700019007000300036008004100039040003000080049000900110082001400119100005500133245010300188264005100291300002800342336002700370337003300397338002800430500007300458590002600531942001400557952012600571952019600697999001700893000013679DO-SdBNP20240605101510.0ta091127s1995 dr 000 0 spa d aDO-SdBNPbspacBNPHUerda aBNPD 4bA948r2221 aAvelino , Francisco Antonio, d1935-955440eautor10aReflexiones sobre algunas cumbres del pasado ideológico dominicano /cFrancisco Antonio Avelino. aSanto Domingo :blugar no identificado,c1995. a249 páginas ;c22 cm. 2rdacontentatextobtxt 2rdamediaasin mediaciónbn 2rdacarrieravolumenbnc aIncluye referencias bibliográficas y notas al pie de las páginas aInventariado, 2024/BT 2ddccLBS1 00102ddc51708PDaBNPHUbBNPHUcCTd2009-11-27l0oBNPHU PD A948p13679-10r2020-06-25w2020-06-25yLBS1ZNo se presta 00102ddc51708PDaBNPHUbBNPHUcCTd2024-06-05eDonaciónl0oBNPHU PD A948p2024-3238r2024-06-05te.2w2024-06-05yLBS1zPerteneció a la biblioteca personal de Emilio Cordero Michel. c13293d13293